01239cam a22003375a 4500001001000000003000400010005001700014008004100031020003000072020002700102040004000129082002200169240003400191245005400225246004500279250001400324260005300338300004300391500005700434500002300491504005300514650003000567650003100597651001000628653003300638655002400671700002500695942002200720999001700742952014200759016503814OSt20201128021334.0130829t2014 enka frbd 001 0 eng d a9781292007007 (paperback) a1292007001 (paperback) aStDuBDSbengcStDuBDSdUkdEG-ScBUE04a658.4012bEXP22210aExploring corporate strategy 10aExploring strategy / cGerry Johnson ... [et. al]34aExploring strategy : btexts and cases.  a10th ed.  aHarlow : bPearson Education Limited, cc.2014.  axxxii, 783 p. :bill. (col.) ;c27 cm. aIncludes MyStrategyLab : student access code inside. aIncludes glossary. aIncludes bibliographical references and indexes. 0aBusiness planning.2BUEsh 0aStrategic planning.2BUEsh 2BUEsh bBUSADMcJune2015cAugust2015 vreading book9342321 aJohnson, Gerry92233 2ddck658.4012 EXP c19879d19851 00102ddc40708AlahramaMAINbMAINc1STd2015-06-24epurchaseg295.00h326l0o658.4012 EXPp000038859r2025-07-15 00:00:00v368.75yBB